| 000 | 00883nas a2200289 4500 | ||
|---|---|---|---|
| 001 | BR9501780 | ||
| 003 | BR-BrBNA | ||
| 005 | 20231205093932.0 | ||
| 007 | ta | ||
| 008 | 230509b bl.|||p| |||| 00| 00por d | ||
| 040 |
_aBR-BrBNA _bpor _cBiblioteca Nacional de Agricultura |
||
| 041 | _a(Pt) | ||
| 072 | _aL01; L51 | ||
| 100 | 1 | _aPacola, L.J. | |
| 100 | 1 | _aRazook, A.G. | |
| 100 | 1 | _aBonilha Neto, L.M. | |
| 100 | 1 | _aFigueiredo, L.A. de | |
| 245 | 1 | _aInfluencia da suplementacao em cocho privativo sobre o desempenho pos-desmama de bezerros nelore | |
| 650 | _aBezerro | ||
| 650 | _aGado Nelore | ||
| 650 | _aSuplemento Alimentar | ||
| 650 | _aConfinamento | ||
| 650 | _aSao Paulo | ||
| 773 | 0 |
_tBoletim de Industria Animal (Brazil) _xISSN 0067-9615 _g(Jan-Jun 1991), v. 48(1) p. 13-18 _wBR9501780 |
|
| 909 |
_a202311 _bLúcia _c55 _dLúcia Elande |
||
| 942 |
_2AGRIS _n0 _cANA |
||
| 999 |
_c141187 _d141187 |
||